Culture générale - numéro 11 - Statistiques

Statistiques générales
  • Ce quiz a été pris 206 fois
  • Le résultat moyen est 8 sur 15
Statistiques - réponses
Question Réponse % Correct
Dans quelle pays retrouve t'on le Machu Picchu? au Pérou
87%
Qui est à l'origine de la théorie de l'évolution? Charles Darwin
84%
Quelle est la cryptomonnaie la plus chère? le Bitcoin
84%
Quelle université anglaise existe depuis près d'un millénaire? Oxford
82%
Quel pays d'Europe a pour monnaie le Złoty? la Pologne
65%
Quel drapeau européen est quasi-identique à celui du Tchad? Roumanie
65%
Quelle est la capitale la plus au Sud du globe? Wellington
55%
Qui est l'auteur du Petit Livre Rouge Mao Zedong
51%
Dans quel pays d'Afrique vivent les bonobos? en République démocratique du Congo
48%
À combien équivaut 4! ? 24
38%
Que signifie le premier M du sport de combat MMA? Mixed
38%
Quel territoire francophone est devenu indépendant en 1804? Haïti
33%
Quel est le plus grand désert d'Amérique du Sud? Atacama
28%
Quel est le prénom de Picsou? Balthazar
28%
Quelle célèbre marque a crée Phil Knight? Nike
13%
Aucun quiz correspondant
Distribution des résultats
% des personnes avec chaque résultat
Percentile par nombre de réponses
Votre historique - résultats
Vous n’avez pas pris ce quiz